LEADER 00991cam0 2200337 450 001 000008636 005 20090310122335.0 010 $a88-14-06191-2$bvol. 4 100 $a20071128g19891996km-y0itay50------ba 101 0 $aita 102 $aIT 105 $ay-------001yy 200 1 $aDiritto amministrativo$fPietro Virga 205 $a2. ed. 210 $aMilano$cGiuffrè$d1989-1996 215 $a4 v.$d25 cm 327 0 $a4.: Attività e prestazioni. - 1996 451 0$1001000008625 451 0$1001000008632 451 0$1001000008633 451 0$1001000008634 451 0$1001000011939 500 10$aDiritto amministrativo$936851 610 1 $aEconomia$aDiritto pubblico 676 $a342.4507$v19$9Regolamentazione dell'attività economica. Italia 700 1$aVirga,$bPietro$040126 801 0$aIT$bUNIPARTHENOPE$c20071128$gRICA$2UNIMARC 912 $a000008636 951 $aI-0040$b034395$cNAVA3$d2007 996 $aDiritto amministrativo$936851 997 $aUNIPARTHENOPE